000 00792cam a2200229 i 4500
005 20260111120028.0
008 250721s2003 su gr 000 0 ara d
020 _a9960401987
041 1 _aara
_heng
082 1 4 _a303,49
_bب ا ل
100 1 _aبالدوك، روبرت
_eمؤلف.
240 1 0 _aDESTNATION Z THE History of The Future.
245 1 0 _aماذا يخبيء المستقبل /
_cروبرت بالدوك ؛ تعريب احمد الجمل.
250 _aالطبعة الأولى.
264 3 1 _aالرياض :
_bمكتبة العبيكان،
_c2003.
300 _a352 صفحة.
650 1 7 _aالتنبؤ.
650 1 7 _aالتنبؤات الإقتصادية.
700 1 _aالجمل، أحمد
_eمترجم.
942 _2ddc
_cBK
999 _c85437
_d85437